MARC

LEADER 00000nam0a2200000 4500
001 674080
005 20240814093545.0
090 |a 674080 
100 |a 20240814d1978 k||y0rusy50 ca 
101 0 |a rus 
102 |a RU 
105 |a a z 001yy 
181 0 |a i   |b  e  
182 0 |a n 
183 0 |a nc  |2 RDAcarrier 
200 1 |a Метрологическое обеспечение информационно-измерительных систем и их компонентов  |e труды  |f Всесоюзный научно-исследовательский институт физико-технических и радиотехнических измерений 
203 |a Текст  |b визуальный  |c непосредственный 
210 |a Москва  |c [Б. и.]  |d 1978 
215 |a 143 с.  |c ил. 
283 |a volume  |2 RDAcarrier 
320 |a Литература в конце статей 
606 1 |a Измерительные информационные системы  |9 83629 
610 1 |a компоненты 
610 1 |a метрологическое обеспечение 
610 1 |a поверка 
610 1 |a автоматизация 
610 1 |a агрегатный комплекс 
610 1 |a стационарные случайные процессы 
610 1 |a испытательная аппаратура 
610 1 |a создание 
610 1 |a метрологическая аттестация 
675 |a 681.518.3  |v 4 
712 0 2 |a Всесоюзный научно-исследовательский институт физико-технических и радиотехнических измерений  |c (п. Менделеево, Московская область)  |9 25551 
801 0 |a RU  |b 63413507  |c 20240814 
830 |a Ретро2024Каталогизация Шило 
850 |a 63413507 
942 |c BK